[Event "USA-ch Juniors Open 2019"]
[Site "Saint Louis"]
[Date "2019.07.20"]
[Round "11.1"]
[White "Checa, Nicolas"]
[Black "Liang, Awonder"]
[Result "0-1"]
[WhiteElo "2506"]
[BlackElo "2592"]
[Annotator "TA"]
[PlyCount "112"]
[EventDate "2019.07.09"]
[EventType "tourn"]
[EventCountry "USA"]
[SourceTitle "playchess.com"]
[Source "ChessBase"]
[SourceQuality "1"]

{[%evp 20,114,18,0,0,-12,16,-7,0,-24,0,-4,0,-49,-37,-68,-52,-70,-69,-58,-41,-34,-10,-17,0,0,0,0,33,0,35,14,10,15,38,6,6,6,6,8,6,0,0,0,0,0,0,-131,0,-133,-139,-131,-124,-96,-108,-115,-135,-135,-112,-337,-351,-415,-111,-207,0,-353,0,-200,-200,-220,-200,-214,0,-197,-199,-156,0,-202,-205,-155,-50,-506,-513,-541,-530,-473,-414,-419,-419,-415,29989,0,0,-29995,-29996,-29998,-29999]} 1. d4 Nf6 2. c4 e6 3. Nf3 d5 4. Nc3 c5 5. cxd5 Nxd5 6. e4 Nxc3 7. bxc3 cxd4 8. cxd4 Bb4+ 9. Bd2 Bxd2+ 10. Qxd2 O-O 11. Bd3 Nc6 {D41: Queen's Gambit Declined: Semi-Tarrasch with 5 cxd5} 12. Qc3 (12. Bc2 b6 13. O-O Bb7 14. d5 Na5 15. dxe6 fxe6 16. Qe2 Rc8 17. Rad1 Qc7 18. Nd4 Qe5 19. Rfe1 {½-½ (37) Wojtaszek,R (2737)-Kramnik,V (2794) Antalya 2017}) 12... Qd6 13. Rd1 Rd8 {[%cal Rc6d4] [#] The position is equal.} 14. Bc4 $146 ({Predecessor:} 14. O-O Qb4 15. Qxb4 Nxb4 16. Bc4 b5 17. Bxb5 Nxa2 18. Ra1 Nc3 19. Bc6 {½-½ (30) Sanikidze,T (2600)-Kryvoruchko,Y (2612) Novi Sad 2009}) 14... Bd7 15. O-O Qb4 16. Qc2 Na5 17. Bb3 Rac8 18. Qb1 Nxb3 19. axb3 Be8 20. d5 h6 21. Rd4 Qd6 22. e5 Qb6 23. d6 Bc6 {White must now prevent ...Bxf3.} (23... Rc3 $5 {[%cal Rc3f3]} 24. Qe4 Bb5 $11) 24. Rfd1 Bd5 25. Rxd5 exd5 26. Nd4 Rc3 27. Qb2 Qb4 {aiming for ...Rd3!} 28. h3 a5 {And now ...a4 would win.} 29. Qe2 a4 30. bxa4 Qxa4 31. Rd2 Rc1+ 32. Kh2 Qa1 33. Rd3 (33. Qg4 $11) 33... Rh1+ $17 34. Kg3 Re1 35. Qh5 Re4 36. Nf3 Qc1 {[%csl Ge4][%cal Rc1f4]} 37. Qf5 Qc4 38. Ra3 Qc8 39. Qh5 $2 (39. Qxc8 $17 {was forced.} Rxc8 40. Rb3) 39... Qe6 $19 ({Much less strong is} 39... Qc1 40. Re3 $1 $19 {[%mdl 512]}) 40. Rb3 {[#]} Qd7 $2 (40... Rxd6 $1 $19 {[%mdl 512] is more deadly.} 41. Rxb7 (41. exd6 Qxd6+) 41... g5 42. Rxf7 Qxf7 43. Qxf7+ Kxf7 44. exd6 Ke6) 41. Rd3 (41. Nd2 $17 Ra4 42. f4) 41... Qe6 (41... Qc6 $142 42. Kh2 Qc4) 42. Rb3 $1 {[#]} Qd7 $2 (42... Rxd6 $1 $19 {[%mdl 512] ...Rb6 is the strong threat.} 43. Rxb7 (43. exd6 Qxd6+) 43... Rd8) 43. Rc3 $2 (43. Rd3 $1 $11) 43... Rc8 44. Rd3 Qe6 $1 45. Rb3 Qd7 $2 (45... Rb8 $19 46. Rb5 f6) 46. Kh2 $2 (46. Rd3 $11 {and White is okay.}) 46... Re8 47. Rc3 Rc8 $2 (47... d4 $17 48. Rb3 b5) 48. Rd3 $2 (48. Rb3 $1 $11 {and White stays safe.}) 48... Qe6 49. g4 f6 (49... Rd8 $17 50. Qf5 g6 51. Qxe6 fxe6) 50. Rb3 $2 {[%mdl 8192]} (50. exf6 $15 Qxd6+ 51. Kg2) 50... fxe5 51. Rxb7 {Threatens to win with Re7.} Rf8 52. d7 Qf6 {( -> ...Qf4+)} 53. g5 Qf4+ 54. Kg2 Re2 $4 {[%mdl 8192] [#]} (54... Qf5 $19 55. Rb2 Rf4) 55. gxh6 $2 (55. d8=Q $1 {[%mdl 512] mates} Ra2 (55... Rxd8 56. Qg6) 56. Qxd5+ Kh8 57. Qg6 Rxf2+ 58. Kxf2 Qh2+ 59. Ke3 $1 {[%mdl 512]} Rxf3+ 60. Qxf3) 55... Qe3 {[#]} ({But not} 55... Qxh6 $2 56. Qxh6 gxh6 57. Rc7 $16) (55... e4 $5 56. Rb3 $8 (56. Qxd5+ $2 Kh7 $19) 56... exf3+ 57. Rxf3 Rxf2+ 58. Kxf2 Qd4+ 59. Kg3 Qg1+ 60. Kh4 Qe1+ 61. Kg4 Qb4+ 62. Kg3 Qd6+ 63. Kg2 Rxf3 64. Qxf3 Qxd7 $11) 56. Qh4 $2 {[%mdl 8192]} (56. Qf7+ $1 $11 {[%mdl 512]} Rxf7 57. d8=Q+ {[%mdl 64] Double Attack} Kh7 58. Ng5+ Qxg5+ 59. Qxg5 Rxb7 60. Kf1) 56... Qxf3+ 0-1